LEADER 03720nam 2200577 a 450 001 9910141609503321 005 20180613000713.0 010 $a3-433-60294-8 010 $a3-433-60292-1 010 $a3-433-60293-X 035 $a(CKB)2670000000353841 035 $a(EBL)1181439 035 $a(SSID)ssj0000994067 035 $a(PQKBManifestationID)11522173 035 $a(PQKBTitleCode)TC0000994067 035 $a(PQKBWorkID)10960671 035 $a(PQKB)11005494 035 $a(MiAaPQ)EBC1181439 035 $a(MiAaPQ)EBC6735464 035 $a(Au-PeEL)EBL6735464 035 $a(OCoLC)843202465 035 $a(EXLCZ)992670000000353841 100 $a20130515d2013 uy 0 101 0 $ager 135 $aur|n|---||||| 181 $ctxt 182 $cc 183 $acr 200 00$aGlasbau 2013$b[electronic resource] /$fBernhard Weller, Silke Tasche (Hrsg.) 210 $aBerlin $cErnst & Sohn$dc2013 215 $a1 online resource (372 p.) 300 $aDescription based upon print version of record. 311 $a3-433-03039-1 320 $aIncludes bibliographical references and indexes. 327 $aTitel; Vorwort; Inhaltsverzeichnis; Teil A - Bauten und Projekte; Das Enzo Ferrari Museum eine Fusion zweier Designwelten; Pe?rez Art Museum Miami: Hurrikan-resistente Verglasungen; Projektbericht: Leichte Vorsatzschale aus geklebtem Acrylglas an der Vitra VSL Factory; Innovative und energiesparende Fassadentechnik am Beispiel der KfW Westarkade, Frankfurt/Main; Schlaues Haus, intelligente Fassade: Tourismusund Ausstellungszentrum Oldenburg; Palacio de Comunicaciones - frei geformtes Glasdach fu?r das neueRathaus in Madrid; Teil B - Bemessung und Konstruktion 327 $aTransparente Klebstoffe fu?r Glas-Metall-VerbindungenEntwicklung von verklebten Holz-Glaskonstruktionen, Bemessung und Anwendung; Geklebte Verbundbauteile aus Glas; Optische Charakterisierung von Oberfla?chenscha?den auf Einscheiben-Sicherheitsglas bei Fassadenund Dachverglasungen; Experimentelle und numerische Analyse des thermischinduzierten Glaskantenbruchs; Glasscheiben mit photokatalytischen Eigenschaften und erho?hterTransmission; Untersuchungen zum Ermu?dungsverhalten von gezielt vorgescha?digtem Floatglas aus Kalk-Natron-Silikatglas bei zyklischer Belastung 327 $aTeil D - Energieeffizienz und NachhaltigkeitDas Dreischeibenhaus Du?sseldorf, The Landmark; Bewegung in der Geba?udehu?lle? Gegenu?berstellung passiver und aktiver Konzepte; Sonnenschutz im Scheibenzwischenraum; Schallschutz mit Glas; Prima?renergieeinsparung durch edelgasgefu?llte Isolierverglasungen; Statische Analysen zur Dimensionierung von Solarmodulen; Autorenregister; Schlagwortverzeichnis; Keywordverzeichnis 330 $aDieses Buch fu?hrt die Sonderheftreihe ""Konstruktiver Glasbau"" der Zeitschrift Stahlbau, in der seit 2006 ja?hrlich ein Themenheft sehr erfolgreich publiziert wurde, fort. Der zunehmenden Bedeutung des konstruktiven Glasbaus wird seit 2012 mit dem deutlich umfangreicheren Buchformat Rechnung getragen. Renommierte Autoren stellen in zahlreichen Fachaufsa?tzen wegweisende Glaskonstruktionen und innovative Fassadentechnik vor. Außerdem werden wichtige Ergebnisse der Forschung pra?sentiert und neueste Entwicklungen im Bereich energetische Sanierungen dargestellt. 606 $aGlass construction 608 $aElectronic books. 615 0$aGlass construction. 676 $a721.04496 701 $aWeller$b Bernhard$0983912 701 $aTasche$b Silke$0983913 801 0$bMiAaPQ 801 1$bMiAaPQ 801 2$bMiAaPQ 906 $aBOOK 912 $a9910141609503321 996 $aGlasbau 2013$92246390 997 $aUNINA LEADER 03491nam 2200385 450 001 9910765537703321 005 20240215175038.0 010 $a1-80356-696-5 035 $a(CKB)5580000000706385 035 $a(NjHacI)995580000000706385 035 $a(EXLCZ)995580000000706385 100 $a20240215d2023 uy 0 101 0 $aeng 135 $aur||||||||||| 181 $ctxt$2rdacontent 182 $cc$2rdamedia 183 $acr$2rdacarrier 200 00$aCorruption - New Insights /$fedited by Josiane Fahed-Sreih 210 1$aLondon :$cIntechOpen,$d2023. 215 $a1 Online-Ressource 311 $a1-80356-695-7 327 $a1. Bribery Practices of Three MNCs in the Host Countries: An Examination of the Issue from HRM Perspective -- 2. Perspective Chapter: Corruption and Government's Response to Emergencies during COVID 19 Pandemic - The Nigerian State Experience -- 3. Perspective Chapter: Corruption and Deterioration of Democracy - The Brazilian Lesson -- 4. The Root Causes of Corruption in Public Procurement: A Global Perspective -- 5. Perspective Chapter: Models of Sanctions Compliance and Regulatory Expectations -- 6. Nepotism and Corruption: A Descriptive and Analytical Study in the Reality of Kuwaiti Society -- 7. Corruption: Drivers, Modes and Consequences -- 8. Media and the Uncertain Fight against Corruption -- 9. Corruption and Policy-Making: How Corruption Models Favor Mafias - The Case Study of Italy -- 10. Addressing the Endemic Consequences of Corruption in the South African Local Government Public Sector -- 11. Corruption Dynamics and Economic Growth in Nigeria -- 12. Curbing Corruptions in Government Sectors: The Role of Anti-Corruption Commission (ACC) in Bangladesh -- 13. Perspective Chapter: From Ancient Times to Modern World - Corruptus -- 14. The Impact of Corruption on Economic Growth: A Nonlinear Evidence -- 15. Promoting Ethics in the South African Public Sector: One Block of a Puzzle towards Curbing Corruption -- 16. Corruption and New Insights in Lebanon. 330 $aThis book is a collection of chapters on corruption. It highlights the importance of corruption, transparency, and accountability and ways to deal with it. Understanding the types of corruption is very important to know how to deal with it. Types of corruption include bribery, lobbying, extortion, cronyism, nepotism, parochialism, patronage, influence peddling, graft, embezzlement, double-dealing, under-the-table transactions, manipulating elections, diverting funds, laundering money, and defrauding investors. Identifying corruption in all its forms requires analyzing the country and its political system and laws and rooting out the sources of corruption and the people behind it. Corruption and those participating in it must be identified to find ways to deal with it, including installing proper governance mechanisms with complete transparency and accountability for politicians, people in power, and/or citizens, as well as applying rules and holding those who infringe them accountable. This book provides a comprehensive overview of the many types of corruption and how to handle them. 606 $aCommercial crimes 606 $aCorruption 615 0$aCommercial crimes. 615 0$aCorruption. 676 $a364.168 702 $aFahed-Sreih$b Josiane 801 0$bNjHacI 801 1$bNjHacl 906 $aBOOK 912 $a9910765537703321 996 $aCorruption - New Insights$93654087 997 $aUNINA